[Event "POL-chT 1st League"]
[Site "Jarnoltowek"]
[Date "2005.09.03"]
[Round "1.29"]
[White "Ochonski, Piotr"]
[Black "Widera, Jan"]
[Result "1/2-1/2"]
[WhiteElo "2209"]
[BlackElo "2143"]
[PlyCount "64"]
[EventDate "2005.09.03"]
[EventType "team-tourn"]
[EventRounds "9"]
[EventCountry "POL"]
[SourceTitle "EXT 2019"]
[Source "ChessBase"]
[SourceDate "2018.10.10"]
[SourceVersion "1"]
[SourceVersionDate "2018.10.10"]
[SourceQuality "1"]
[WhiteTeam "Lodz AZS Politechnika"]
[BlackTeam "Gliwice Roszada"]
[WhiteTeamCountry "POL"]
[BlackTeamCountry "POL"]

1. Nf3 c5 2. c4 Nf6 3. Nc3 g6 4. g3 b6 5. Bg2 Bb7 6. 0-0 Bg7 7. d4 cxd4 8. Nxd4 Bxg2 9. Kxg2 0-0 10. e4 d6 11. Be3 Qc8 12. Nd5 Qb7 13. f3 e6 14. Nc3 a6 15. Qa4 Rc8 16. Rad1 Nc6 17. Nxc6 Rxc6 18. Qb3 Nd7 19. Na4 Qc7 20. Rf2 Rb8 21. Rfd2 Bf8 22. Bf4 e5 23. Be3 Rxc4 24. Nc3 b5 25. Nd5 Qd8 26. h4 h6 27. Rc2 Rbc8 28. Rxc4 Rxc4 29. Bd2 Qa5 30. Qd3 Qd8 31. b3 Rc8 32. a4 Nc5 1/2-1/2

[Event "POL-chT 2nd League"]
[Site "Polanica Zdroj"]
[Date "2004.09.06"]
[Round "3"]
[White "Ochonski, Piotr"]
[Black "Kukula, Pawel"]
[Result "1-0"]
[WhiteElo "2212"]
[BlackElo "2192"]
[PlyCount "55"]
[EventDate "2004.09.04"]
[EventType "team-swiss"]
[EventRounds "11"]
[EventCountry "POL"]
[SourceTitle "CBM 102 Extra"]
[Source "ChessBase"]
[SourceDate "2004.11.03"]
[SourceVersion "1"]
[SourceVersionDate "2004.11.03"]
[SourceQuality "1"]
[WhiteTeam "Lodz AZS Politechnika"]
[BlackTeam "Solec Kujawski"]
[WhiteTeamCountry "POL"]
[BlackTeamCountry "POL"]

1. Nf3 Nf6 2. d4 e6 3. g3 b6 4. Bg2 Bb7 5. 0-0 Be7 6. c4 c5 7. Nc3 d5 8. cxd5 exd5 9. Ne5 0-0 10. dxc5 bxc5 11. Qb3 Bc6 12. Nxc6 Nxc6 13. Nxd5 Nd4 14. Nxf6+ Bxf6 15. Qc4 Rb8 16. e3 Ne6 17. Rb1 Qa5 18. Rd1 Rb4 19. Bd2 Rxc4 20. Bxa5 Ra4 21. Bc3 Bxc3 22. bxc3 Rxa2 23. Ra1 Rc2 24. Ra3 Rd8 25. Rxd8+ Nxd8 26. Bd5 Kf8 27. c4 Ke7 28. Rxa7+ 1-0

[Event "POL-chT 2nd League"]
[Site "Polanica Zdroj"]
[Date "2004.09.05"]
[Round "2"]
[White "Stachanczyk, Jacek"]
[Black "Ochonski, Piotr"]
[Result "1-0"]
[WhiteElo "2157"]
[BlackElo "2212"]
[PlyCount "61"]
[EventDate "2004.09.04"]
[EventType "team-swiss"]
[EventRounds "11"]
[EventCountry "POL"]
[SourceTitle "CBM 102 Extra"]
[Source "ChessBase"]
[SourceDate "2004.11.03"]
[SourceVersion "1"]
[SourceVersionDate "2004.11.03"]
[SourceQuality "1"]
[WhiteTeam "Jaworzno JKSz MCKiS II"]
[BlackTeam "Lodz AZS Politechnika"]
[WhiteTeamCountry "POL"]
[BlackTeamCountry "POL"]

1. e4 c6 2. d4 d5 3. Nc3 dxe4 4. Nxe4 g6 5. Bc4 Bg7 6. Nf3 Nf6 7. Nxf6+ Bxf6 8. Bh6 Bg4 9. c3 Qa5 10. Qb3 Bxf3 11. gxf3 Nd7 12. Bxf7+ Kd8 13. Be6 Nb6 14. Bd2 Rf8 15. Bh6 Rh8 16. Be3 Rf8 17. h4 Bg7 18. h5 gxh5 19. 0-0-0 Rxf3 20. d5 c5 21. d6 exd6 22. Rxh5 c4 23. Rxa5 cxb3 24. Bxb6+ Ke7 25. Bxb3 a6 26. Be3 Rc8 27. Rg1 Bf6 28. Rh5 Rh8 29. Bd5 Rxe3 30. fxe3 b5 31. Bg8 1-0

[Event "Lodz-ch"]
[Site "Lodz"]
[Date "1996.??.??"]
[Round "?"]
[White "Gawronski, Miroslaw"]
[Black "Ochonski, Piotr"]
[Result "0-1"]
[WhiteElo "2245"]
[BlackElo "2165"]
[PlyCount "58"]
[EventDate "1996.??.??"]
[EventType "tourn"]
[EventRounds "11"]
[EventCountry "POL"]
[SourceTitle "EXT 2001"]
[Source "ChessBase"]
[SourceDate "2000.11.22"]
[SourceVersion "1"]
[SourceVersionDate "2000.11.22"]
[SourceQuality "1"]

1. d4 d5 2. c4 c6 3. Nf3 Nf6 4. Nc3 g6 5. g3 Bg7 6. Bg2 dxc4 7. 0-0 0-0 8. a4 Nd5 9. Ne5 Nxc3 10. bxc3 Bxe5 11. dxe5 Qxd1 12. Rxd1 Nd7 13. f4 Nc5 14. Ba3 Nxa4 15. Bxe7 Nxc3 16. Rd2 Re8 17. Bc5 Nb5 18. Rda2 Be6 19. Bxa7 c3 20. Ra5 Rxa7 21. Rxa7 Nxa7 22. Rxa7 c2 23. Ra1 Rd8 24. Kf2 Rd1 25. Ra8+ Kg7 26. Bf3 c1Q 27. g4 Rf1+ 28. Kg3 Qe1+ 29. Kh3 h5 0-1

[Event "POL-chT U19"]
[Site "Torun"]
[Date "1991.??.??"]
[Round "5"]
[White "Gesicki, Jacek"]
[Black "Ochonski, Piotr"]
[Result "1-0"]
[WhiteElo "2285"]
[BlackElo "2205"]
[PlyCount "63"]
[EventDate "1991.07.23"]
[EventType "team-swiss"]
[EventRounds "9"]
[EventCountry "POL"]
[SourceTitle "EXT 2002"]
[Source "ChessBase"]
[SourceDate "2001.11.25"]
[SourceVersion "1"]
[SourceVersionDate "2001.11.25"]
[SourceQuality "1"]
[WhiteTeam "Bydgoszcz MDK nr 2 U19"]
[BlackTeam "Lodz Anilana"]
[WhiteTeamCountry "POL"]
[BlackTeamCountry "POL"]

1. e4 e5 2. Nf3 Nf6 3. Nxe5 d6 4. Nf3 Nxe4 5. d4 d5 6. Bd3 Bd6 7. 0-0 0-0 8. c4 c6 9. Nc3 Nxc3 10. bxc3 dxc4 11. Bxc4 Bg4 12. Qd3 Nd7 13. Ng5 Nf6 14. h3 Bh5 15. f4 h6 16. g4 hxg5 17. fxg5 Nxg4 18. hxg4 Qd7 19. gxh5 Qg4+ 20. Kf2 b5 21. Bb3 Rae8 22. Rg1 Qh4+ 23. Kg2 Re4 24. Qf3 Bh2 25. Rf1 Bd6 26. Rh1 Rg4+ 27. Kf1 Bh2 28. Rxh2 Qxh2 29. Qxg4 Qh1+ 30. Qg1 Qxh5 31. Qg2 Re8 32. Bd2 1-0